| 000 | 00695nam a2200181 a 4500 | ||
|---|---|---|---|
| 001 | 000042004 | ||
| 005 | 20201002035859.0 | ||
| 008 | 131029s1985 sp 000 0 spa d | ||
| 020 | _a8400060458 | ||
| 040 |
_aDO-SdBNP _bspa _cBNPHU |
||
| 082 |
_axxx _bxxx |
||
| 100 | 1 |
_aÁvila, María Luisa _91592 |
|
| 245 | 1 | 3 |
_aLa sociedad hispanomusulmana al final del califato : _b(aproximación a un estudio demográfico) / _cMaría Luisa Avila. |
| 260 |
_aMadrid : _bConsejo Superior de Investigaciones Científicas, _bInstituto de Filología, _c1985. |
||
| 300 |
_a222 p. ; _c24 cm. |
||
| 500 | _aIncluye referencias bibliográficas y notas al pie de las páginas. | ||
| 504 | _aBibliografía : p. 207-217 | ||
| 999 |
_c41493 _d41493 |
||